00426nam a22001457a 4500041000800000082001300008100002300021245003000044260005300074300000800127650001900135942000700154952010200161999001700263 aENG a264bYOH aDr. Yohannan K.P. aThe worship of the Church aKeralabBelievers church Synod Secretariatc2017 a128 aChurch Worship cBK 00104070aHMIbHMIcGENd2020-01-22eDirectorl0o264 YOHp11004120r2026-01-16w2026-01-16yBK c22816d22816